Development of and factors in the employment of African migrants in the Copper Mines of Zambia 1940-66 (Record no. 39991)

MARC details
000 -LEADER
fixed length control field 00801nam a2200181 a 4500
008 - FIXED-LENGTH DATA ELEMENTS--GENERAL INFORMATION
fixed length control field 061108s1969 ||||||||||||||||| || u
050 ## - LIBRARY OF CONGRESS CALL NUMBER
Classification number UNZA-IAS(08)ZP/4
100 ## - MAIN ENTRY--PERSONAL NAME
Personal name Ohadike, Patrick O
245 10 - TITLE STATEMENT
Title Development of and factors in the employment of African migrants in the Copper Mines of Zambia 1940-66
Statement of responsibility, etc. By Patrick O. Ohadike
260 ## - PUBLICATION, DISTRIBUTION, ETC.
Place of publication, distribution, etc. Lusaka
Name of publisher, distributor, etc. University of Zambia Institute for Social Research
Date of publication, distribution, etc. 1969
350 ## - PRICE (NR) (BK AM CF MU VM SE) [OBSOLETE]
Price 0.00
490 ## - SERIES STATEMENT
Series statement Zambian papers
650 ## - SUBJECT ADDED ENTRY--TOPICAL TERM
Topical term or geographic name entry element Migrant labor - Zambia
650 ## - SUBJECT ADDED ENTRY--TOPICAL TERM
Topical term or geographic name entry element LABOUR
650 ## - SUBJECT ADDED ENTRY--TOPICAL TERM
Topical term or geographic name entry element COPPER MINES AND MINING--ZAMBIA
710 ## - ADDED ENTRY--CORPORATE NAME
Corporate name or jurisdiction name as entry element University of Zambia. Institute for Social Research
995 ## - RECOMMENDATION 995 [LOCAL, UNIMARC FRANCE]
-- 0.00
-- CBU-MAIN LIBRARY (Kitwe)
-- 1
-- 0.00
-- 4
-- AVAILABLE
-- Nov 8, 2006
-- Zambiana Collection
Holdings
Withdrawn status Lost status Source of classification or shelving scheme Damaged status Not for loan Home library Current library Shelving location Date acquired Total Checkouts Full call number Barcode Date last seen Price effective from Koha item type
          CBU-MAIN LIBRARY, KITWE. CBU-MAIN LIBRARY, KITWE.   11/30/2022   UNZA-IAS(08)ZP/4 Z03001353 11/30/2022 11/30/2022 MONOGRAPH